000
00341nam a2200133Ia 4500
008
240624s9999 xx 000 0 und d
041
_a
eng
082
_a
658.5 MOO
100
_a
MOORE RON
245
_a
MAKING COMMON SENSE COMMON PRACTICE MODE
260
_c
2000
_a
New Delhi
_b
Prentice-Hall
300
_a
xx, : 356 : p. : cm. ; 25
365
_c
RS
999
_c
547
_d
547